000 00588nam a2200193Ia 4500
003 GCL
008 140319s9999 xx 000 0 ara d
040 _aGCL /
_cGCL
082 0 4 _aم
_b920
_bم م
100 1 _aمحمود قاسم
245 1 0 _aموسوعة جائزة نوبل:?1901 - 1995 /
_cمحمود قاسم
250 _aالاولى
260 _aالقاهرة :
_bمكتبة مدبولى
300 _a405 ص ؛
_c24 سم
490 _aالهيئة العامة للاستعلامات
_v0
650 0 4 _aالادباء
650 0 4 _aجائزة نوبل
942 _2ddc
_cBK
999 _c48525
_d48525